[Event "Brno op 12th"]
[Site "Brno"]
[Date "2023.11.14"]
[Round "4"]
[White "Llopis de Aysa, Manuel"]
[Black "Baklanova, Tatiana"]
[Result "1-0"]
[WhiteElo "1986"]
[BlackElo "2147"]
[PlyCount "83"]
[EventDate "2023.11.11"]
[EventType "swiss"]
[EventRounds "9"]
[EventCountry "CZE"]
[SourceTitle "CB47_2023"]
[SourceDate "2023.11.22"]
[SourceVersion "1"]
[SourceVersionDate "2023.11.22"]
[SourceQuality "1"]

1. d4 Nf6 2. Nf3 g6 3. Bg5 Bg7 4. Nbd2 d6 5. c3 0-0 6. e4 c5 7. dxc5 dxc5 8. Bc4 h6 9. Bh4 Nc6 10. Qe2 a6 11. a4 Qb6 12. Rb1 Bg4 13. Bg3 Nh5 14. Qe3 Rad8 15. 0-0 Nxg3 16. hxg3 Qa7 17. Nh2 Bd7 18. Bb3 b5 19. axb5 axb5 20. Ra1 Qb6 21. f4 Bc8 22. Nhf3 Na5 23. Ba2 Qc7 24. Rac1 c4 25. Bb1 Qd7 26. e5 Nb7 27. Ne4 f6 28. Nf2 f5 29. Rcd1 Qc7 30. Nh4 Kh7 31. g4 e6 32. gxf5 gxf5 33. g4 Rg8 34. Kh2 Qf7 35. Qh3 Rdf8 36. Rg1 Nc5 37. Rd6 Na4 38. gxf5 exf5 39. Rgg6 Qa7 40. Nh1 Nxb2 41. Nxf5 Rxf5 42. Rxh6+ 1-0

[Event "Brno op 12th"]
[Site "Brno"]
[Date "2023.11.11"]
[Round "1"]
[White "Baklanova, Tatiana"]
[Black "Bondarenko, Vova"]
[Result "1-0"]
[WhiteElo "2147"]
[BlackElo "1629"]
[PlyCount "65"]
[EventDate "2023.11.11"]
[EventType "swiss"]
[EventRounds "9"]
[EventCountry "CZE"]
[SourceTitle "CB47_2023"]
[SourceDate "2023.11.22"]
[SourceVersion "1"]
[SourceVersionDate "2023.11.22"]
[SourceQuality "1"]

1. d4 Nf6 2. c4 d6 3. Nc3 g6 4. e4 Bg7 5. f3 0-0 6. Bg5 e5 7. dxe5 dxe5 8. Qxd8 Rxd8 9. Nd5 Nxd5 10. Bxd8 Ne3 11. Kf2 Nxf1 12. Rxf1 c5 13. Bg5 Be6 14. b3 Nc6 15. Ne2 a5 16. Nc3 f5 17. Rd1 f4 18. Ke2 h6 19. Bh4 g5 20. Bf2 Nd4+ 21. Kd3 Rd8 22. Nd5 Bf8 23. h4 gxh4 24. Bxh4 Rd6 25. Rd2 a4 26. bxa4 Ra6 27. Rb1 Rxa4 28. Rxb7 Bxd5 29. cxd5 c4+ 30. Kc3 Ra5 31. Rdb2 Ra3+ 32. Kxc4 Bd6 33. Be7 1-0

[Event "Online Olym Disabilities"]
[Site "Tornelo INT"]
[Date "2020.11.25"]
[Round "5.16"]
[White "Mikhalionak, Alena"]
[Black "Baklanova, Tatiana"]
[Result "0-1"]
[WhiteElo "1508"]
[BlackElo "2213"]
[PlyCount "68"]
[EventDate "2020.11.21"]
[EventType "team-swiss (rapid)"]
[EventRounds "7"]
[EventCountry "NET"]
[SourceTitle "CBM 199 Extra"]
[Source "ChessBase"]
[SourceDate "2021.01.31"]
[SourceVersion "1"]
[SourceVersionDate "2021.01.31"]
[SourceQuality "1"]
[WhiteTeam "Belarus"]
[BlackTeam "Ukraine II"]
[WhiteTeamCountry "BLR"]
[BlackTeamCountry "UKR"]

1. d4 Nf6 2. c4 d6 3. Nc3 Nbd7 4. Nf3 e5 5. e3 c6 6. Be2 Be7 7. 0-0 0-0 8. Qc2 Re8 9. dxe5 dxe5 10. h3 Qc7 11. e4 h6 12. a3 a5 13. Be3 Nf8 14. Rfd1 Ne6 15. Rac1 Bf8 16. Rd3 Nd7 17. Rdd1 Nf4 18. Bxf4 exf4 19. Bf1 Ne5 20. Qe2 Qe7 21. Nxe5 Qxe5 22. f3 Bc5+ 23. Kh1 Be3 24. Rb1 Be6 25. Qc2 Qg5 26. Bd3 Red8 27. Qe2 Rd4 28. Qf1 Rad8 29. Qe2 Qh5 30. Qf1 Rxd3 31. Rxd3 Rxd3 32. Qxd3 Bxh3 33. Qd8+ Kh7 34. gxh3 Qxh3# 0-1

[Event "Brno op 9th"]
[Site "Brno"]
[Date "2019.11.06"]
[Round "4"]
[White "Baklanova, Tatiana"]
[Black "Chkhaidze, Nikoloz"]
[Result "1-0"]
[WhiteElo "2173"]
[BlackElo "2287"]
[PlyCount "85"]
[EventDate "2019.11.03"]
[EventType "swiss"]
[EventRounds "7"]
[EventCountry "CZE"]
[SourceTitle "CBM 193 Extra"]
[Source "ChessBase"]
[SourceDate "2020.01.31"]
[SourceVersion "1"]
[SourceVersionDate "2020.01.31"]
[SourceQuality "1"]

1. d4 Nf6 2. Nf3 d5 3. e3 c5 4. c3 cxd4 5. exd4 Nc6 6. Bd3 Bg4 7. Nbd2 e6 8. 0-0 Bd6 9. Nb3 Qc7 10. h3 Bh5 11. Re1 0-0 12. Bg5 Nd7 13. Be2 h6 14. Be3 Nf6 15. Nc5 Ne4 16. Nd2 Bxe2 17. Rxe2 Nxd2 18. Qxd2 Bxc5 19. dxc5 Ne7 20. Bd4 Ng6 21. Rae1 Rfe8 22. c4 dxc4 23. Qc3 e5 24. Qxc4 Re6 25. Be3 a5 26. b3 Ne7 27. a3 Qc6 28. Bd2 Ng6 29. Be3 a4 30. b4 b5 31. Qg4 f5 32. Qh5 f4 33. Bc1 e4 34. Rd1 f3 35. gxf3 Ne5 36. fxe4 Kh8 37. f4 Rg6+ 38. Kh2 Nc4 39. Qd5 Qc8 40. Qd7 Qb8 41. e5 Qf8 42. e6 Re8 43. e7 1-0

[Event "UKR-ch Silent"]
[Site "Kharkov"]
[Date "2019.04.13"]
[Round "8"]
[White "Baklanova, Tatiana"]
[Black "Babiy, Petr"]
[Result "1/2-1/2"]
[WhiteElo "2182"]
[BlackElo "2055"]
[PlyCount "65"]
[EventDate "2019.04.06"]
[EventType "swiss"]
[EventRounds "9"]
[EventCountry "UKR"]
[SourceTitle "EXT 2020"]
[Source "ChessBase"]
[SourceDate "2019.10.17"]
[SourceVersion "1"]
[SourceVersionDate "2019.10.17"]
[SourceQuality "1"]

1. d4 d5 2. c4 c6 3. Nf3 Nf6 4. Qc2 Ne4 5. e3 Nd7 6. Bd3 Ndf6 7. Nbd2 Nxd2 8. Bxd2 e6 9. 0-0 Be7 10. c5 0-0 11. b4 a6 12. a4 Bd7 13. Rfb1 g6 14. h3 Qc7 15. b5 axb5 16. axb5 Rxa1 17. Rxa1 cxb5 18. Ba5 Qb8 19. Qb3 Bc6 20. Bxb5 Nd7 21. Bxc6 bxc6 22. Qxb8 Rxb8 23. Bc7 Rc8 24. Bg3 Kf8 25. Kf1 Ke8 26. Ke2 f6 27. Ra7 Bd8 28. Bd6 Be7 29. Bg3 Bd8 30. Nd2 e5 31. f3 Bc7 32. Bh2 Kd8 33. Bg3 1/2-1/2

[Event "UKR-ch Silent"]
[Site "Kharkov"]
[Date "2019.04.12"]
[Round "7"]
[White "Kovalenko, Vladimir N"]
[Black "Baklanova, Tatiana"]
[Result "1/2-1/2"]
[WhiteElo "2073"]
[BlackElo "2182"]
[PlyCount "32"]
[EventDate "2019.04.06"]
[EventType "swiss"]
[EventRounds "9"]
[EventCountry "UKR"]
[SourceTitle "EXT 2020"]
[Source "ChessBase"]
[SourceDate "2019.10.17"]
[SourceVersion "1"]
[SourceVersionDate "2019.10.17"]
[SourceQuality "1"]

1. e4 c5 2. c3 d5 3. exd5 Qxd5 4. d4 g6 5. Nf3 Bg7 6. Na3 cxd4 7. Bc4 Qe4+ 8. Be3 Nh6 9. Bd3 Qd5 10. Bc4 Qe4 11. Bd3 Qd5 12. Bc4 Qe4 13. Bd3 Qd5 14. Bc4 Qe4 15. Bd3 Qd5 16. Bc4 Qe4 1/2-1/2

[Event "Olympiad Women-41"]
[Site "Tromsoe"]
[Date "2014.08.12"]
[Round "10.1"]
[White "Baklanova, Tatiana"]
[Black "Garcia Morales, Ivette Alejandra"]
[Result "1/2-1/2"]
[WhiteElo "2229"]
[BlackElo "2113"]
[PlyCount "84"]
[EventDate "2014.08.02"]
[EventType "team-swiss"]
[EventRounds "11"]
[EventCountry "NOR"]
[SourceTitle "CBM 162"]
[Source "ChessBase"]
[SourceDate "2014.09.17"]
[SourceVersion "1"]
[SourceVersionDate "2014.09.17"]
[SourceQuality "1"]
[WhiteTeam "ICCD (W)"]
[BlackTeam "Mexico (W)"]
[BlackTeamCountry "MEX"]

1. d4 Nf6 2. c4 e6 3. Nc3 Bb4 4. e3 c5 5. Bd3 0-0 6. Nge2 cxd4 7. exd4 d5 8. 0-0 dxc4 9. Bxc4 Nc6 10. Bg5 Be7 11. a3 Nd5 12. Bxe7 Ncxe7 13. Ne4 Bd7 14. Qd3 Bc6 15. Rac1 Nf5 16. g3 Nd6 17. Nxd6 Qxd6 18. Bb5 Rac8 19. Rc5 a6 20. Bxc6 Rxc6 21. Rxc6 Qxc6 22. Rc1 Qd7 23. Qc4 Rd8 24. Qc5 h6 25. Rc4 Kh7 26. h4 Qd6 27. b4 b5 28. Rc1 Nb6 29. Qxd6 Rxd6 30. Rc7 Kg8 31. Kg2 Nc4 32. a4 Na3 33. a5 Nc4 34. Ra7 Na3 35. Rc7 Nc4 36. Kf3 Kf8 37. g4 e5 38. Ke4 Nd2+ 39. Ke3 Nc4+ 40. Ke4 Nd2+ 41. Ke3 Nc4+ 42. Ke4 Nd2+ 1/2-1/2

[Event "Olympiad Women-41"]
[Site "Tromsoe"]
[Date "2014.08.11"]
[Round "9.1"]
[White "Klinova, Masha"]
[Black "Baklanova, Tatiana"]
[Result "1-0"]
[WhiteElo "2312"]
[BlackElo "2229"]
[PlyCount "105"]
[EventDate "2014.08.02"]
[EventType "team-swiss"]
[EventRounds "11"]
[EventCountry "NOR"]
[SourceTitle "CBM 162"]
[Source "ChessBase"]
[SourceDate "2014.09.17"]
[SourceVersion "1"]
[SourceVersionDate "2014.09.17"]
[SourceQuality "1"]
[WhiteTeam "Israel (W)"]
[BlackTeam "ICCD (W)"]
[WhiteTeamCountry "ISR"]

1. e4 e6 2. d3 d5 3. Nd2 c5 4. Ngf3 Nc6 5. g3 g6 6. Bg2 Bg7 7. 0-0 Nge7 8. Re1 h6 9. c3 0-0 10. e5 Qc7 11. Qe2 b6 12. Nf1 g5 13. Ne3 Nxe5 14. Nxe5 Qxe5 15. Nxd5 exd5 16. Qxe5 Bxe5 17. Rxe5 Be6 18. h4 Ng6 19. Re1 gxh4 20. Bxh6 Rfe8 21. Bg5 h3 22. Bh1 Rac8 23. Bf6 Nf8 24. Kh2 Kh7 25. g4 Kg6 26. Bh4 f5 27. gxf5+ Kxf5 28. Re3 Kg4 29. Rxh3 Kh5 30. Bf3+ Kh6 31. Rg3 Ng6 32. Bg5+ Kg7 33. Kg2 Rh8 34. Re1 Kf7 35. Rxe6 Kxe6 36. Bg4+ Ke5 37. Re3+ Kd6 38. Re6+ Kc7 39. Rxg6 Rcg8 40. Rxg8 Rxg8 41. f4 Kd6 42. Kg3 Rg7 43. Bf6 Rh7 44. Be5+ Ke7 45. f5 Rh1 46. f6+ Kf7 47. Bf3 Rg1+ 48. Kf2 Rg5 49. Bxd5+ Kg6 50. d4 cxd4 51. cxd4 Rf5+ 52. Ke3 Rf1 53. f7 1-0

[Event "Olympiad Women-41"]
[Site "Tromsoe"]
[Date "2014.08.09"]
[Round "7.1"]
[White "Meghara, Lylia"]
[Black "Baklanova, Tatiana"]
[Result "0-1"]
[WhiteElo "1811"]
[BlackElo "2229"]
[PlyCount "64"]
[EventDate "2014.08.02"]
[EventType "team-swiss"]
[EventRounds "11"]
[EventCountry "NOR"]
[SourceTitle "CBM 162"]
[Source "ChessBase"]
[SourceDate "2014.09.17"]
[SourceVersion "1"]
[SourceVersionDate "2014.09.17"]
[SourceQuality "1"]
[WhiteTeam "Algeria (W)"]
[BlackTeam "ICCD (W)"]
[WhiteTeamCountry "ALG"]

1. e4 e6 2. d4 d5 3. exd5 exd5 4. Bd3 c5 5. dxc5 Bxc5 6. Nf3 Nf6 7. 0-0 0-0 8. Nbd2 Bg4 9. c3 Nc6 10. Qc2 Rc8 11. Ng5 h6 12. Nh7 Re8 13. Nxf6+ Qxf6 14. Nb3 Bb6 15. h3 Nb4 16. Qd2 Nxd3 17. hxg4 Nxf2 18. Rxf2 Qxf2+ 19. Qxf2 Re1+ 20. Kh2 Bxf2 21. a4 Rc4 22. g3 Rxg4 23. Bf4 Rxa1 24. Nxa1 g5 25. Kh3 f5 26. Bd6 Rxa4 27. Nc2 d4 28. cxd4 Bxd4 29. b3 Ra6 30. Nxd4 Rxd6 31. Nxf5 Rb6 32. Nd4 Rb4 0-1

[Event "Olympiad Women-41"]
[Site "Tromsoe"]
[Date "2014.08.04"]
[Round "3.1"]
[White "Baklanova, Tatiana"]
[Black "Sotomayor Villatoro, Silvi"]
[Result "1-0"]
[WhiteElo "2229"]
[BlackElo "1943"]
[PlyCount "53"]
[EventDate "2014.08.02"]
[EventType "team-swiss"]
[EventRounds "11"]
[EventCountry "NOR"]
[SourceTitle "CBM 162"]
[Source "ChessBase"]
[SourceDate "2014.09.17"]
[SourceVersion "1"]
[SourceVersionDate "2014.09.17"]
[SourceQuality "1"]
[WhiteTeam "ICCD (W)"]
[BlackTeam "Guatemala (W)"]
[BlackTeamCountry "GUA"]

1. d4 Nf6 2. c4 g6 3. Nc3 Bg7 4. e4 d6 5. f3 Nbd7 6. Bg5 e5 7. Nge2 c6 8. Qd2 h6 9. Be3 Qc7 10. Rd1 Nf8 11. dxe5 dxe5 12. Bc5 Be6 13. Bd6 Qd8 14. Nc1 Nh5 15. g3 Qf6 16. Qe3 Nd7 17. Nb3 b6 18. Be2 Bh3 19. c5 Qe6 20. Ba6 Bf6 21. Bb7 Bg5 22. Qf2 Rd8 23. Bxc6 bxc5 24. Nxc5 Qc4 25. Bb5 Qb4 26. Nxd7 Qa5 27. Nf6# 1-0

[Event "Olympiad Women-40"]
[Site "Istanbul"]
[Date "2012.09.07"]
[Round "10.1"]
[White "Baklanova, Tatiana"]
[Black "Tembo, Epah"]
[Result "1-0"]
[WhiteElo "2220"]
[BlackElo "1927"]
[PlyCount "81"]
[EventDate "2012.08.28"]
[EventType "team-swiss"]
[EventRounds "11"]
[EventCountry "TUR"]
[SourceTitle "CBM 150 Extra"]
[Source "ChessBase"]
[SourceDate "2012.10.19"]
[SourceVersion "1"]
[SourceVersionDate "2012.10.19"]
[SourceQuality "1"]
[WhiteTeam "ICSC (W)"]
[BlackTeam "Zambia (W)"]
[BlackTeamCountry "ZAM"]

1. d4 Nf6 2. c4 g6 3. Nc3 Bg7 4. e4 d6 5. f4 e6 6. Nf3 Nc6 7. e5 Nd7 8. Be2 0-0 9. 0-0 f6 10. d5 Ne7 11. exd6 cxd6 12. Nd4 exd5 13. Ne6 Qb6+ 14. Kh1 Rf7 15. Na4 Qc6 16. Nd8 Qc7 17. Nxf7 Kxf7 18. cxd5 a6 19. Be3 b5 20. Rc1 Qd8 21. Nc3 f5 22. Bd4 Nf6 23. b4 Bb7 24. Bf3 Neg8 25. Qe2 Bc8 26. a4 Bh6 27. g3 Kf8 28. axb5 axb5 29. Rfe1 Rb8 30. Ra1 Bd7 31. Ra7 Bg7 32. Qa2 Ne8 33. Bxg7+ Kxg7 34. Ne2 Ngf6 35. Nd4 Qb6 36. Nc6 Rb7 37. Ra6 Qc7 38. Re7+ Kh6 39. Qg2 Rb6 40. Qh3+ Nh5 41. Qh4 1-0

[Event "UKR-chT Clubs"]
[Site "Alushta"]
[Date "2011.05.21"]
[Round "9.2"]
[White "Baklanova, Tatiana"]
[Black "Zheleznov, Valentin"]
[Result "1-0"]
[WhiteElo "2236"]
[BlackElo "2283"]
[PlyCount "59"]
[EventDate "2011.05.13"]
[EventType "team-tourn"]
[EventRounds "9"]
[EventCountry "UKR"]
[SourceTitle "CBM 142 Extra"]
[Source "ChessBase"]
[SourceDate "2011.06.27"]
[SourceVersion "1"]
[SourceVersionDate "2011.06.27"]
[SourceQuality "1"]
[WhiteTeam "Kiev Kashtan"]
[BlackTeam "Nikopol Nika-NZF"]
[WhiteTeamCountry "UKR"]
[BlackTeamCountry "UKR"]

1. d4 d5 2. c4 Bf5 3. Nc3 e6 4. cxd5 exd5 5. Qb3 Nc6 6. Nf3 Nb4 7. e4 dxe4 8. Ng5 Qe7 9. Bc4 Nh6 10. 0-0 0-0-0 11. Bf4 Qd7 12. Rac1 Kb8 13. Bb5 Qc8 14. a3 Nd3 15. Bxd3 exd3 16. Nb5 Rd7 17. Nxc7 Bd6 18. Na6+ Ka8 19. Rxc8+ Rxc8 20. Bxd6 Rxd6 21. Nc5 Rb6 22. Qc3 f6 23. Nf3 Rbc6 24. Qb4 b6 25. Na4 g5 26. Nc3 Nf7 27. h3 Nd6 28. Re1 R6c7 29. Nd5 Rf7 30. Ne7 1-0

[Event "UKR-chT Clubs"]
[Site "Alushta"]
[Date "2011.05.17"]
[Round "5.3"]
[White "Zubarev, Alexander2222"]
[Black "Baklanova, Tatiana"]
[Result "1-0"]
[WhiteElo "2600"]
[BlackElo "2236"]
[PlyCount "57"]
[EventDate "2011.05.13"]
[EventType "team-tourn"]
[EventRounds "9"]
[EventCountry "UKR"]
[SourceTitle "CBM 142 Extra"]
[Source "ChessBase"]
[SourceDate "2011.06.27"]
[SourceVersion "1"]
[SourceVersionDate "2011.06.27"]
[SourceQuality "1"]
[WhiteTeam "Chernigov DAN"]
[BlackTeam "Kiev Kashtan"]
[WhiteTeamCountry "UKR"]
[BlackTeamCountry "UKR"]

1. e4 c5 2. Nf3 Nc6 3. Nc3 g6 4. d4 cxd4 5. Nxd4 Bg7 6. Nb3 Nf6 7. Be2 0-0 8. 0-0 b6 9. f4 d6 10. Bf3 Bb7 11. Be3 Nd7 12. Qe1 Rb8 13. Rd1 Qe8 14. Qh4 Bf6 15. Qg3 Ba8 16. h4 b5 17. h5 b4 18. Nd5 Bxb2 19. hxg6 hxg6 20. e5 dxe5 21. f5 Kg7 22. Nc7 Qc8 23. Ne6+ Kg8 24. fxg6 fxe6 25. Qh3 Nf6 26. Bg4 Rb7 27. Bxe6+ Qxe6 28. Qxe6+ Kg7 29. Qxc6 1-0

[Event "UKR-chT Clubs"]
[Site "Alushta"]
[Date "2011.05.15"]
[Round "3.3"]
[White "Tantsiura, Marja"]
[Black "Baklanova, Tatiana"]
[Result "0-1"]
[WhiteElo "2100"]
[BlackElo "2236"]
[PlyCount "56"]
[EventDate "2011.05.13"]
[EventType "team-tourn"]
[EventRounds "9"]
[EventCountry "UKR"]
[SourceTitle "CBM 142 Extra"]
[Source "ChessBase"]
[SourceDate "2011.06.27"]
[SourceVersion "1"]
[SourceVersionDate "2011.06.27"]
[SourceQuality "1"]
[WhiteTeam "Simferopol"]
[BlackTeam "Kiev Kashtan"]
[WhiteTeamCountry "UKR"]
[BlackTeamCountry "UKR"]

1. e4 c5 2. Nf3 Nc6 3. d4 cxd4 4. Nxd4 Nf6 5. Nc3 e5 6. Ndb5 d6 7. Bg5 a6 8. Na3 b5 9. Nd5 Be7 10. Bxf6 Bxf6 11. c3 0-0 12. Nc2 Bg5 13. a4 Rb8 14. axb5 axb5 15. Bd3 Be6 16. Qe2 f5 17. Bxb5 Na5 18. Ncb4 fxe4 19. 0-0 Kh8 20. Ra3 Bxd5 21. Nxd5 Nb7 22. b4 Rf7 23. c4 Qf8 24. Qxe4 Nd8 25. Rh3 Bh6 26. Qg4 Ra8 27. Nb6 Rxf2 28. Rf3 Be3 0-1

[Event "Olympiad Women-39"]
[Site "Khanty-Mansiysk"]
[Date "2010.10.03"]
[Round "11.23"]
[White "Peng, Zhaoqin"]
[Black "Baklanova, Tatiana"]
[Result "1-0"]
[WhiteElo "2400"]
[BlackElo "2247"]
[PlyCount "123"]
[EventDate "2010.09.21"]
[EventType "team-swiss"]
[EventRounds "11"]
[EventCountry "RUS"]
[SourceTitle "CBM 139"]
[Source "ChessBase"]
[SourceDate "2010.11.18"]
[SourceVersion "1"]
[SourceVersionDate "2010.11.18"]
[SourceQuality "1"]
[WhiteTeam "Netherlands (W)"]
[BlackTeam "ISCA (W)"]
[WhiteTeamCountry "NED"]

1. d4 Nf6 2. c4 e6 3. Nc3 c5 4. e3 d5 5. Nf3 b6 6. cxd5 exd5 7. Ne5 Bb7 8. Bb5+ Nbd7 9. Qf3 Qe7 10. Nxd7 Nxd7 11. Nxd5 Kd8 12. Nxe7 Bxf3 13. Nc6+ Bxc6 14. Bxc6 Rc8 15. Bf3 cxd4 16. exd4 Bb4+ 17. Kd1 Re8 18. Be3 f5 19. Rc1 h6 20. Rxc8+ Kxc8 21. Kc2 Nf6 22. Rc1 Bd6 23. Kd3+ Kd8 24. h3 Re7 25. Rc6 Kd7 26. Rc4 Kd8 27. a4 Bc7 28. b4 Rd7 29. Rc6 Ke7 30. Kc4 Kf7 31. d5 Bd6 32. a5 bxa5 33. bxa5 Ke7 34. Bc5 Bxc5 35. Kxc5 Ne8 36. Re6+ Kd8 37. d6 Nf6 38. Bc6 Rf7 39. f3 f4 40. Kb5 Nd7 41. h4 Rf5+ 42. Kb4 Rf7 43. h5 a6 44. Ba4 Nf6 45. Bc6 Nd7 46. Kc4 Rf5 47. Kd4 Rf7 48. Bxd7 Rxd7 49. Kc5 Rb7 50. Rg6 Rb1 51. Rxg7 Rh1 52. Kb6 Rd1 53. Rg6 Kd7 54. Kxa6 Rd5 55. Rxh6 Rg5 56. Rh8 Kxd6 57. h6 Kc5 58. Rc8+ Kb4 59. h7 Rxa5+ 60. Kb6 Rb5+ 61. Kc6 Rc5+ 62. Kd7 1-0

[Event "Olympiad Women-39"]
[Site "Khanty-Mansiysk"]
[Date "2010.09.28"]
[Round "7.39"]
[White "Elgohary, Myada"]
[Black "Baklanova, Tatiana"]
[Result "0-1"]
[WhiteElo "1751"]
[BlackElo "2247"]
[PlyCount "58"]
[EventDate "2010.09.21"]
[EventType "team-swiss"]
[EventRounds "11"]
[EventCountry "RUS"]
[SourceTitle "CBM 139"]
[Source "ChessBase"]
[SourceDate "2010.11.18"]
[SourceVersion "1"]
[SourceVersionDate "2010.11.18"]
[SourceQuality "1"]
[WhiteTeam "Egypt (W)"]
[BlackTeam "ISCA (W)"]
[WhiteTeamCountry "EGY"]

1. e4 e6 2. d4 d5 3. exd5 exd5 4. Bd3 Qf6 5. Ne2 Bd6 6. 0-0 Ne7 7. Nd2 Bg4 8. c3 Nd7 9. Qc2 0-0-0 10. Ng3 h5 11. h3 h4 12. Nde4 dxe4 13. Nxe4 Qg6 14. Nxd6+ Qxd6 15. hxg4 Nf6 16. f3 h3 17. gxh3 Rxh3 18. Bf5+ Kb8 19. f4 g6 20. Qg2 Rh4 21. Kf2 gxf5 22. g5 Rh2 23. gxf6 Rxg2+ 24. Kxg2 Qxf6 25. Bd2 Rg8+ 26. Kf3 Qc6+ 27. Ke2 Qe4+ 28. Kd1 Rg2 29. Re1 Qd3 0-1

[Event "Olympiad Women-38"]
[Site "Dresden"]
[Date "2008.11.17"]
[Round "5"]
[White "Baklanova, Tatiana"]
[Black "Boric, Elena"]
[Result "1-0"]
[WhiteElo "2231"]
[BlackElo "2292"]
[PlyCount "55"]
[EventDate "2008.11.13"]
[EventType "team-swiss"]
[EventRounds "11"]
[EventCountry "GER"]
[SourceTitle "CBM 128"]
[Source "ChessBase"]
[SourceDate "2009.01.28"]
[SourceVersion "1"]
[SourceVersionDate "2009.01.28"]
[SourceQuality "1"]
[WhiteTeam "ICSC (W)"]
[BlackTeam "Bosnia&Hercegovina (W)"]
[BlackTeamCountry "BIH"]

1. d4 d6 2. g3 f5 3. Bg2 Nf6 4. Nf3 g6 5. 0-0 Bg7 6. b3 0-0 7. Bb2 Qe8 8. c4 Nbd7 9. Nc3 c6 10. Qc2 e5 11. dxe5 dxe5 12. Ba3 e4 13. Ng5 c5 14. Nb5 e3 15. f4 Qe7 16. Nc7 Rb8 17. Nce6 Re8 18. Nxg7 Kxg7 19. Bb2 b6 20. Rad1 Bb7 21. Rxd7 Qxd7 22. Bxf6+ Kh6 23. Rd1 Qc7 24. Bd5 Bxd5 25. Rxd5 Rb7 26. Qd1 Qc6 27. Rd6 Qc7 28. Qf1 1-0

[Event "Wch Silent (Women)"]
[Site "St Gallen"]
[Date "2008.07.25"]
[Round "5"]
[White "Baklanova, Tatiana"]
[Black "Gonchar, Svitlana"]
[Result "0-1"]
[WhiteElo "2236"]
[BlackElo "1805"]
[PlyCount "178"]
[EventDate "2008.07.20"]
[EventType "swiss"]
[EventRounds "9"]
[EventCountry "SUI"]
[SourceTitle "EXT 2009"]
[Source "ChessBase"]
[SourceDate "2008.11.26"]
[SourceVersion "1"]
[SourceVersionDate "2008.11.26"]
[SourceQuality "1"]

1. d4 d5 2. c4 c6 3. Nc3 Nf6 4. Nf3 e6 5. e3 Be7 6. Qc2 Nbd7 7. g4 Qc7 8. g5 Nh5 9. cxd5 cxd5 10. Bd3 g6 11. Bd2 Nb6 12. Rc1 Bd7 13. Nb5 Qxc2 14. Rxc2 Rc8 15. Rxc8+ Nxc8 16. a4 a6 17. Nc3 Nb6 18. b3 Bb4 19. Ke2 Ke7 20. Rc1 Rc8 21. Rc2 Ng7 22. Ne5 Ne8 23. f4 f6 24. gxf6+ Nxf6 25. Ne4 Rxc2 26. Bxc2 Bxd2 27. Nxf6 Kxf6 28. Kxd2 a5 29. Nd3 Nc8 30. Ne5 Be8 31. Ng4+ Ke7 32. Ke2 Nd6 33. Ne5 b5 34. axb5 Nxb5 35. Kd2 Nc7 36. Kc3 Na6 37. Nd3 Kd6 38. Bd1 Bb5 39. Ne5 Nb4 40. Nf7+ Ke7 41. Ne5 Kd6 42. Bg4 Ke7 43. Nf3 Be2 44. Kd2 Bd3 45. Ng5 h6 46. Nxe6 h5 47. Bh3 Bf1 48. Ng5 Bxh3 49. Nxh3 Kf6 50. Ng5 Kf5 51. h3 Kf6 52. Nf3 Kf5 53. Ke2 Nc2 54. Ng5 Na1 55. Nf7 Nxb3 56. Nd6+ Ke6 57. Nb7 Kd7 58. Kd3 Kc6 59. Nd8+ Kd7 60. Nf7 Ke6 61. Ne5 Kf6 62. Kc2 a4 63. Nd7+ Kf5 64. Nb6 Na5 65. Nxd5 Ke4 66. Ne7 Kxe3 67. d5 Kxf4 68. Nc6 Nc4 69. Kc3 Nd6 70. Kb4 g5 71. Nd4 Ke4 72. Ne6 g4 73. hxg4 hxg4 74. Kxa4 g3 75. Ng5+ Kxd5 76. Kb3 Kd4 77. Kc2 Ke3 78. Kd1 Ne4 79. Nxe4 g2 80. Nc3 g1Q+ 81. Kc2 Qf2+ 82. Kb3 Kd3 83. Nb5 Qc2+ 84. Kb4 Qc4+ 85. Ka5 Qc6 86. Kb4 Qb6 87. Ka4 Kc4 88. Na3+ Kc5 89. Nc2 Qb2 0-1

[Event "Kiev-ch"]
[Site "Kiev"]
[Date "2008.01.31"]
[Round "11"]
[White "Sidorchuk, Dmitry"]
[Black "Baklanova, Tatiana"]
[Result "1-0"]
[WhiteElo "2234"]
[BlackElo "2257"]
[PlyCount "101"]
[EventDate "2008.01.19"]
[EventType "swiss"]
[EventRounds "11"]
[EventCountry "UKR"]
[SourceTitle "CBM 122 Extra"]
[Source "ChessBase"]
[SourceDate "2008.03.04"]
[SourceVersion "1"]
[SourceVersionDate "2008.03.04"]
[SourceQuality "1"]

1. d4 Nf6 2. c4 d6 3. Nf3 Nbd7 4. Nc3 e5 5. e4 g6 6. Bg5 Bg7 7. h3 exd4 8. Nxd4 0-0 9. Qd2 Re8 10. f3 h6 11. Be3 Kh7 12. g4 Ne5 13. Be2 Nfd7 14. 0-0-0 a5 15. Nc2 Nf8 16. c5 Be6 17. cxd6 Bc4 18. f4 Bxe2 19. Qxe2 Nc6 20. e5 cxd6 21. Rxd6 Qb8 22. Qc4 f6 23. Rhd1 fxe5 24. f5 Nd4 25. Qd5 Rd8 26. Rxd8 Qxd8 27. Nxd4 Qxd5 28. Nxd5 exd4 29. Bxd4 gxf5 30. gxf5 Rc8+ 31. Nc3 Rc6 32. Bxg7 Kxg7 33. Rd5 b6 34. Kd2 Nh7 35. Rd7+ Kg8 36. Nd5 Nf6 37. Ne7+ Kf7 38. Rb7 Rd6+ 39. Ke3 Nd7 40. Nc8 Rd5 41. Nxb6 Rb5 42. Rxd7+ Ke8 43. Rb7 Rxb2 44. a4 Rb3+ 45. Ke4 Rxh3 46. Ke5 Rc3 47. Nd5 Rc4 48. f6 Rc1 49. Nc7+ Kd8 50. Ne6+ Kc8 51. Rc7+ 1-0

[Event "Kiev-ch"]
[Site "Kiev"]
[Date "2008.01.30"]
[Round "10"]
[White "Ianov, Viktor"]
[Black "Baklanova, Tatiana"]
[Result "1-0"]
[WhiteElo "2363"]
[BlackElo "2257"]
[PlyCount "75"]
[EventDate "2008.01.19"]
[EventType "swiss"]
[EventRounds "11"]
[EventCountry "UKR"]
[SourceTitle "CBM 122 Extra"]
[Source "ChessBase"]
[SourceDate "2008.03.04"]
[SourceVersion "1"]
[SourceVersionDate "2008.03.04"]
[SourceQuality "1"]

1. g3 d5 2. Nf3 c5 3. Bg2 Nc6 4. 0-0 e5 5. c4 d4 6. d3 f6 7. e3 Bg4 8. h3 Be6 9. exd4 cxd4 10. Re1 Qd7 11. Na3 Nge7 12. h4 a5 13. Nb5 Nd8 14. Rxe5 Nec6 15. Re4 Bc5 16. Bf4 Rc8 17. a3 0-0 18. b4 axb4 19. axb4 Nxb4 20. Nfxd4 Bg4 21. Qb3 Nf7 22. Bd2 Nc6 23. Be3 f5 24. Rf4 Nce5 25. Bd5 Rfe8 26. Nxf5 Bxf5 27. d4 Nd3 28. Rf3 Bf8 29. Bd2 Nxf2 30. Rxf2 Be6 31. Bxe6 Qxe6 32. Rc1 Nh6 33. Bxh6 Qxh6 34. c5+ Kh8 35. Rcf1 b6 36. Nc7 g5 37. Nxe8 Rxe8 38. hxg5 1-0